000 00714nam a22002051 4500
008
049 _aMAIN
090 0 1 _aTH145
_bJAG
100 1 _aJaggard, Walter Robert.
245 1 0 _aArchitectural building construction :
_ba text book for the architectural and building student ;
_nvolume ii /
_cby Walter R. Jaggard and Francis E. Drury.
260 _aCambridge [Eng.] :
_bThe University Press,
_c1927.
300 _axviii, 386 p. :
_bill. ;
_c22cm.
650 _aArchitecture
_xStudy and teaching.
700 1 _aDrury, Francis Edison.
907 _a.b10192323
_b01-12-16
_c15-02-06
003
005 20230120131032.0
040 _cNUST
942 _cBOOKS
_kTH145
_mJAG
999 _c95692
_d95692